Catalog

Record Details

Catalog Search



Available copies

  • 1 of 1 copy available at LARL/NWRL Consortium.
  • 1 of 1 copy available at Lake Agassiz Regional Library. (Show preferred library)

Current holds

0 current holds with 1 total copy.

Show Only Available Copies
Location Call Number / Copy Notes Barcode Shelving Location Status Due Date
Moorhead Public Library Spa (Text) 33500008241424 Main Available -

Record details

  • ISBN: 0385512821
  • Physical Description: 181 p. : 20 cm.
  • Edition: 1st ed.
  • Publisher: New York : Doubleday, 2004.
Subject: Creative writing > Study and teaching > Fiction.
Teacher-student relationships > Fiction.
Lausanne (Switzerland) > Fiction.
Fiction > Authorship > Fiction.
Married people > Fiction.
Teenage boys > Fiction.
Schools > Fiction.
LDR 01405cam a22003858a 4500
00153006
003LARL_NWRL_CONSORTIUM
00520040831083354.0
008040301r20042004nyu 000 1 eng
010 . ‡a2004045533
020 . ‡a0385512821
035 . ‡a(OCoLC)54691693
040 . ‡aDLC ‡cDLC
043 . ‡ae-sz---
099 . ‡aSPA
099 . ‡aSpa
1001 . ‡aSpark, Muriel. ‡0(LARL_NWRL_CONSORTIUM)63546
24514. ‡aThe finishing school / ‡cMuriel Spark.
250 . ‡a1st ed.
260 . ‡aNew York : ‡bDoubleday, ‡c2004.
300 . ‡a181 p. : ‡c20 cm.
650 0. ‡aCreative writing ‡xStudy and teaching ‡vFiction.
650 0. ‡aTeacher-student relationships ‡vFiction. ‡0(LARL_NWRL_CONSORTIUM)167624
651 0. ‡aLausanne (Switzerland) ‡vFiction.
650 0. ‡aFiction ‡xAuthorship ‡vFiction. ‡0(LARL_NWRL_CONSORTIUM)169397
650 0. ‡aMarried people ‡vFiction. ‡0(LARL_NWRL_CONSORTIUM)165987
650 0. ‡aTeenage boys ‡vFiction. ‡0(LARL_NWRL_CONSORTIUM)167627
650 0. ‡aSchools ‡vFiction. ‡0(LARL_NWRL_CONSORTIUM)167222
901 . ‡a53006 ‡bOCLC ‡c53006 ‡tbiblio

Additional Resources